000 00578nam a22001817a 4500
005 20251108171918.0
008 250721s1997 xx 000 0 ara d
082 1 4 _a344.046/سسك
100 1 _aسسكند، لورانس
245 1 0 _aدبلوماسية البيئة :
_bالتقاوض لتخفيف أتقافيات عالمية أكثر فعالية /
264 1 _aالقاهرة :
_c1997.
300 _a216ص.
650 1 7 _aالقانون الدولي
650 1 7 _aالبيئة
700 1 _aالجمل، أحمد
_eترجمة
942 _2ddc
_cBK
999 _c65788
_d65788